00318nam a22001097a 4500003000400000082001600004245008300020260005700103300000900160546001200169650002700181OSt aFAI/1977-78 aFAI Annual review of fertiliser consumption and production 1977-78 (July-1978) aNew DelhibThe Fertiliser Association of Indiac1978 a34p. aEnglish aFertiliser consumption